000 00878cab a2200253 4500
001 WB2832-91
008 090401t1992 xxu||||| |||| 00| 0 eng d
035 _a(Sirsi) u1660
041 _aeng
245 _aShop around for a surveyor
260 _c1992
350 _a0
490 _aSunday Telegraph
_v16 August 1992, XX(1)
520 _aThe RICS wishes to encourage customer choice in the appointment of surveyors for house valuations and surveys, stressing the range of fees on the market and the right of house purchasers to select from their lenders` panels of professional valuers.
650 _aCOMPETITION
650 _aCONSUMERS ASSOCIATION
650 _aHOUSE PURCHASE
650 _aOFT
650 _aPANEL VALUERS
650 _aRESTRICTIVE PRACTICES
690 _aMANAGEMENT-BUSINESS MANAGEMENT-PROFESSIONAL PRACTICE
942 _n0
948 _c04/03/1997
999 _c945
_d945